|
|
|
|
| LEADER |
00000nam a2200000 a 4500 |
| 001 |
vtls001472929 |
| 003 |
SK-MaSNL |
| 005 |
20260301014837.0 |
| 008 |
240315s1996 xr a 0 cze |
| 035 |
|
|
|a SNK000428231
|
| 040 |
|
|
|a SNK
|b slo
|c SNK
|e AACR2
|
| 044 |
|
|
|a CZ
|
| 072 |
|
7 |
|a 616
|x Patológia. Klinická medicína
|2 konspekt
|
| 080 |
|
|
|a 616.13/.14:616.423
|2 1981
|
| 080 |
|
|
|a 611.97/.98
|2 1981
|
| 080 |
|
|
|a 616.42
|2 1981
|
| 080 |
|
|
|a 616-08
|2 1981
|
| 080 |
|
|
|a (035)
|2 1981
|
| 100 |
1 |
|
|a Bechyně, Miroslav,
|d 1926-
|4 aut
|9 246112
|
| 245 |
1 |
|
|a Mízní otok - lymfedém
|b komplexní terapie
|c [Miroslav Bechyně, Růžena Bechyňová]
|
| 250 |
|
|
|a [1. vyd.]
|
| 260 |
|
|
|a [S. l.
|b s. n.]
|c 1996
|
| 300 |
|
|
|a 315 s.
|b fotogr.
|c 21 cm
|
| 500 |
|
|
|a Xerokópia
|
| 650 |
0 |
7 |
|a lymfedém
|2 SNKPH
|9 15777
|
| 650 |
0 |
7 |
|a lymfatický systém
|2 SNKPH
|9 21025
|
| 650 |
0 |
7 |
|a končatiny
|2 SNKPH
|9 24894
|
| 650 |
0 |
7 |
|a terapia
|2 SNKPH
|9 781
|
| 655 |
|
7 |
|a príručky
|2 SNKPH
|9 74364
|
| 700 |
1 |
|
|a Bechyňová, Růžena
|4 aut
|9 303784
|
| 999 |
|
|
|c 559366
|d 561296
|
| 952 |
|
|
|t P60, <04>, [BOOK], {604}
|a SNK
|b SNK
|y PREZ
|7 0
|p 17A0424745
|o snkIC 131356
|i snkD 213/2004
|0 0
|1 0
|4 0
|d 2004-04-13
|l 0
|r 2005-01-02 00:00:00
|w 2026-02-23
|